000 00727nam a2200181 i 4500
001 93651
003 ES-MaACL
005 20230906181303.0
007 t|
008 050415s1914 sp ||||1| spa d
100 1 _aLópez Barrera, Joaquín.
_973443
110 2 _aInstituto General y Técnico de Cuenca
_j-Memorias.
_9137426
245 1 0 _aCurso de 1912 a 1913
_b: Instituto General y Técnico de Cuenca : memoria leída el día 1.º de octubre de 1912 en la solemne apertura del curso /
_cpor Joaquín López Barrera.
260 _aCuenca :
_b[s.n.],
_c1914 (
_fImp. y Librería de Celedonio León)
300 _a52 p. ;
_c21 cm.
710 2 _aInstituto General y Técnico de Cuenca.
_9137426
852 _aES-MaACL
_jT-1408-F-8
999 _c93651
_d93651